00539nam a2200181 a 450000100060000000300090000600800410001502000150005604000280007108200160009910000290011524500870014425000060023126000480023730000100028549000260029565000360032112950CO-ViMGA141112s2004 ck r 000 u spa d a9589206808 aCO-ViMGAbspacCO-ViMGA04a370.98 F1111 aFabara, Garzón Eduardo10aSituación de los sistemas educativos en América Latina : bEnsayos pedagogicos a1 aSantafé de Bogotá : bGuadalupe, c1996 a140p. aConvenio Andres Bello14aeducación EN América LATINA